000
00298nam a2200109 a 4500
005
20140414093828.0
008
970101s19uu xx 00 eng d
050
_a
VHS 700
_b
R 02
245
_a
Music Magic: 1) Story-telling 2) How we make music 3) Singing games.
942
_c
AVM
999
_c
108556
_d
108556